000 00528nam a22001817a 4500
003 SISC
005 20160317151448.0
008 130823t xxu||||| |||| 00| 0 eng d
020 _a1564963853
050 _aNK 1560
_b.F632 1997
082 _aHS 758
_bF65 1997
245 _aFloral inspirations :
_ba collection of drawing and painting ideas for artists /
260 _aHongkong :
_bRockport Publishers Inc.,
_c1997
300 _a93 p. ;
_c24 cm.
650 _aFloral
_xDecorative arts
_912635
942 _2lcc
_cBK
999 _c9162
_d9162